| 000 | 00375 a2200157 4500 | ||
|---|---|---|---|
| 001 | 68429 | ||
| 020 | _a9788579017889 | ||
| 040 | _cAnchieta - Pituba | ||
| 100 | _aRosário, Kelly Naiara da Silva | ||
| 240 | 1 | 0 |
_aProdução de texto 1ª série _l |
| 245 | 1 | 0 | _aProdução de texto 1ª série |
| 300 | _a80 | ||
| 362 | 0 | _a2023 | |
| 650 | 4 | _aLíngua Portuguesa | |
| 942 | _cBK | ||
| 999 |
_c68429 _d68429 |
||